Financial management of consumer cooperatives in Selangor, Malaysia /
Saved in:
| Main Author: | |
|---|---|
| Format: | Thesis Book |
| Language: | English |
| Published: |
1985.
|
| Subjects: | |
| Tags: |
Add Tag
No Tags, Be the first to tag this record!
|
| LEADER | 01267cam a2200337 4500 | ||
|---|---|---|---|
| 001 | u49626 | ||
| 003 | SIRSI | ||
| 008 | 870316s1985 my t 00 eng | ||
| 015 | |a X860001851 | ||
| 035 | |a AAF-3417 | ||
| 040 | |a UMM | ||
| 043 | |a a-my-se | ||
| 049 | 0 | 0 | |a mkkmsa |
| 050 | 1 | |a HD3542.6.A6 | |
| 090 | 0 | 0 | |a HD3542.6 |b A6S4Kam |
| 100 | 1 | 0 | |a Kamaruzaman Haji Abdul Majid. |
| 245 | 1 | 0 | |a Financial management of consumer cooperatives in Selangor, Malaysia / |c by Kamaruzaman @ Amir Hj.Abdul Majid |
| 260 | |c 1985. | ||
| 300 | |a xvii, 297 leaves : |b tables ; |c 29cm | ||
| 500 | |a Photocopy | ||
| 500 | |a Also available on microfiche. Kuala Lumpur : Perpustakaan Universiti Malaya, 1986. 5 microfiches : negatives ; 11x15cm | ||
| 502 | |a Dissertation (M.P.A.) - Fakulti Ekonomi dan Pentadbiran, Universiti Malaya, 1985 | ||
| 504 | 0 | 0 | |a Bibliography: leaves (288)-(297) |
| 650 | 0 | |a Consumer cooperatives |z Selangor |x Finance | |
| 650 | 0 | |a Cooperative societies |z Selangor |x Management | |
| 650 | 0 | |a Consumer cooperatives |z Malaysia | |
| 984 | |c Closed stacks f HD3542.6.A6S4Kam@1011359F | ||
| 998 | 0 | 0 | |a UMM |
| 948 | |a 16/03/1991 |b 08/12/1998 | ||
| 596 | |a 1 | ||
| 999 | |a HD3542.6 A6S4KAM |w LC |c 1 |i A010113594 |d 13/9/2019 |e 13/9/2019 |l STACKS |m P01UTAMA |n 5 |r Y |s Y |t TESIS |u 24/10/1991 | ||
